000 00465nam a22001697a 4500
999 _c9711
_d9711
003 GBCCL
005 20241126110717.0
008 230614b ||||| |||| 00| 0 eng d
040 _cgbc
082 _aVER 253.092
_bSON
100 _aSongkhothang, V
_916874
245 _aToupa hon pina :
_bwedding anniversary golden jubilee
260 _aLamka:
_bRev Nenglian Vualnam te unau,
_c2023
300 _a128p. ;
650 _apastors
_vbiography
_97307
942 _2ddc
_cBK